| 000 | 00864cam a22001694a 4500 | ||
|---|---|---|---|
| 005 | 20250605163654.0 | ||
| 008 | 250528s ||||||||||||||||||||||||d | ||
| 035 | _a24029 | ||
| 040 |
_aGR-AtMCL _bgre _dGR-AtMCL _eAACR2 |
||
| 245 | 1 | _aSupply Chain and Logistics / Το Περιοδικό για την Εφοδιαστική Αλυσίδα | |
| 260 |
_bParametros Group _bScl Magazine, _c2016 |
||
| 300 | _a104 | ||
| 520 | _aServing the Retail Market Parcel Delivered, Έφτασε η Ώρα για το Ραντεβού των Logistics, Logistics Clusters and Internet of Things: Οι 2 Ερευνητικές Προτεραιότητες του Horizon 2020, Logistics Conferences, Cargo Plus: Χάρτης Πορείας για Ένα Νέο Ευρωπαϊκό Χώρο Μεταφορών. | ||
| 942 | _cCR | ||
| 999 |
_c8930 _d8930 |
||